| 000 | 00588nam a22001817a 4500 | ||
|---|---|---|---|
| 008 | 160125b xxu||||| |||| 00| 0 eng d | ||
| 020 | _a0618230246 | ||
| 082 |
_22006 _aDK12 420.7 _bH848 |
||
| 100 |
_92233 _aHoward, Julie. |
||
| 245 |
_aCollege vocabulary 1/ _cJulie Howard. |
||
| 260 |
_aBoston : _bHoughton Mifflin, _cc2006 |
||
| 300 |
_avi, 90 pages : _c23 cm. |
||
| 440 |
_92236 _aHoughton mifflin english for academic success, 1 |
||
| 600 | 0 |
_92230 _aFarina, Marcella A., jt.au. |
|
| 650 | 0 |
_92226 _aEnglish as a second language |
|
| 650 | 0 |
_92227 _aEnglish language |
|
| 942 |
_2ddc _cDC |
||
| 999 |
_c825 _d825 |
||